00529nam a2200193Ia 4500008004100000041001200041082001200053100007500065245003100140260003300171300000800204365000700212520001400219546001200233630003100245650001400276655001400290730003100304101110s9999 xx 000 0 und d aMARATHI bSR24997 aAahirrao V.R., Alizad S.S, Varat T.M., Dhapatee C.S., Bhos S.S. & etc. aParyavaran Vidyanan (TYBA) c2002bNirali prakashan, Pune a349 b85 aGeography aMARATHI aParyavaran Vidyanan (TYBA) aGeography aGeography aParyavaran Vidyanan (TYBA)